00696nam a2200241 a 4500001001300000003000900013005001700022008004100039020000900080082001700089100002300106245005500129260003200184300000900216500003500225505001000260650001600270700002300286902000800309942000700317952011500324999001500439nice12345678IN_TiNIC20260116011853.0050524s1960 cala grp 000 0 eng  ac1500a958.103bGHO aGhose, Dilip Kumar aEngland and Afghanistanb Phase in Their Relations aCalcuttabWorld Pressc1960 a230p aincludes index and biblioraphy2 aIndex aAfghanistan1 aGhose, Dilip Kumar bSRS cBK 001040708StackRoom-aHMIbHMId2008-01-17g15.00l0o958.103 GHOp05770r2008-01-17v15.00w2005-05-24yBK c4598d4598